LEADER 01687nam a2200301 i 4500 001 000000135250 003 CaOOAMICUS 005 20250612120021.0 008 050225s1956 it u000 u ita u 040 $aSeMil$bita 100 1 $aKant, Immanuel,$d<1724-1804>.$0(OLS)http://semarc/name/2543 245 10$aScritti politici e di filosofia della storia e del diritto /$cdi Immanuel Kant ; con un saggio di Christian Garve ; tradotti da Gioele Solari e Giovanni Vidari ; edizione postuma a cura di Norberto Bobbio, Luigi Firpo, Vittorio Mathieu. 260 $a[Torino] :$bUnione Tipografico-Editrice Torinese,$c1956. 300 $a692 p., [6] carte di tav. :$bill. ;$c24 cm 490 1 $aClassici politici 650 4$aKant, Immanuel <1724-1804> - Pensiero politico.$0(OLS)http://semarc/subject/56447 700 1 $aGarve, Christian.$0(OLS)http://semarc/name/40477 700 1 $aSolari, Gioele,$d<1872-1952>.$0(OLS)http://semarc/name/33994 700 1 $aMathieu, Vittorio,$d<1923-2020>.$0(OLS)http://semarc/name/4377 700 1 $aBobbio, Norberto,$d<1909-2004>.$0(OLS)http://semarc/name/1206 700 1 $aFirpo, Luigi,$d<1915-1989>.$0(OLS)http://semarc/name/3493 700 1 $aVidari, Giovanni,$d<1871-1934>.$0(OLS)http://semarc/name/12186 830 0$aClassici della politica .$0(OLS)http://semarc/title/7397 850 $aSeMil 852 $aSeMil$W1$xVenegono$y1$m2LA A 18$j258437$B88933$CSeMilBibl$Z2$F93539 $81 996 $6245$aScritti politici e di filosofia della storia e del diritto$9(OLS)http://semarc/title/135549 996 $6260$a[Torino] :$bUnione Tipografico-Editrice Torinese$9(OLS)http://semarc/publisher/29887 LEADER 00911nam a2200217 i 4500 001 000000248720 003 CaOOAMICUS 005 20230719144639.0 008 160408s1755 it u000 u lat u 026 $autis m.m. as** caHi (C) 1755 (Q) 040 $aSeMil$bita 245 10$aPars 2. 300 $a[1] p., P. 285-640. 500 $aTesto su due colonne 500 $aIniz., fregi xilogr. e calcogr. 500 $aSegn. [2N³] 2O-4L? 773 0 $aChiesa Cattolica$tMissale mixtum secundum regulam beati Isidori dictum Mozarabes praefatione, notis, et appendice ab Alexandro Lesleo ... Pars 1. [-2.].$dRomae : Sumptibus Venantii Monaldini bibliopolae in via Cursus : Typis Joannis Generosi Salomoni, 1755.$g2$w()14789 850 $aSeMil 852 $aSeMil$W1$xVenegono$y1$m3K V 38 FA$j199066$B199066$CSeMilBibl$Z2$F210406 $8I 996 $6245$aPars 2$9(OLS)http://semarc/title/49797